[Event "Wch FIDE Online U14 Europe qual"]
[Site "Tornelo INT"]
[Date "2020.12.09"]
[Round "7"]
[White "Xhembulla, Aleksander"]
[Black "Taspinar, Yanki"]
[Result "0-1"]
[WhiteElo "1691"]
[BlackElo "2178"]
[PlyCount "44"]
[EventDate "2020.12.07"]
[EventType "swiss (rapid)"]
[EventRounds "7"]
[EventCountry "ISS"]
[SourceTitle "EXT 2022"]
[Source "ChessBase"]
[SourceDate "2021.10.06"]
[SourceVersion "1"]
[SourceVersionDate "2021.10.06"]
[SourceQuality "1"]

1. e4 e5 2. Nf3 Nc6 3. d4 exd4 4. Nxd4 Nf6 5. Nxc6 bxc6 6. e5 Qe7 7. Qe2 Nd5 8. c4 Nb6 9. b3 g6 10. Bb2 Bg7 11. g3 Bb7 12. Bg2 0-0 13. 0-0 Rae8 14. Re1 f6 15. f4 fxe5 16. fxe5 Qc5+ 17. Kh1 Rf2 18. Qd3 Rxb2 19. Nc3 Qf2 20. Rg1 c5 21. Nd5 Nxd5 22. cxd5 Qd4 0-1